Score 0/11 Timer 05:00
0 Plays Today
Mixed Word Actress % Correct
NATI EYF[T]INA FEY
93.7%
NENA YATHAHWAANNE HATHAWA[Y]
89.8%
TADOKA FINNGNADAKO[T]A FANNING
88.5%
LANTAIE ROMTAPNNATALIE POR[T]MAN
74.8%
ZEBHETALI KNABSELIZABET[H] BANKS
73%
LEMYR PETSERMERYL STR[E]EP
71.6%
MAME SAWNOT[E]MMA WATSON
66.7%
RABRABA CANWYTSKBAR[B]ARA STANWYCK
63.3%
LISA RESHIFISLA F[I]SHER
53%
ELUJI SRADWENJULIE ANDRE[W]S
53%
Unscramble the highlighted letters to make the final actress:Betty White
26.4%
Remove Ads.
Support Sporcle.
Get the best of Sporcle when you Go Orange. This ad-free experience offers more features, more stats, and more fun while also helping to support Sporcle. Thank you for becoming a member.

You're not logged in!

Compare scores with friends on all Sporcle quizzes.
OR
Log In

Show Comments

Extras

Top Quizzes Today


Score Distribution

Your Account Isn't Verified!

In order to create a playlist on Sporcle, you need to verify the email address you used during registration. Go to your Sporcle Settings to finish the process.

Report this User

Report this user for behavior that violates our Community Guidelines.

Details: